MARC

LEADER 00000nam0a2200000 4500
001 175798
005 20231031165146.0
035 |a (RuTPU)RU\TPU\book\190596 
090 |a 175798 
100 |a 20100217d1960 km y0rusy50 ca 
101 0 |a rus 
102 |a RU 
105 |a a z 001zy 
200 1 |a Источники ядерных излучений и их применение радиационно-химических процессах  |f А. Х. Брегер  |g Академия наук СССР (АН СССР), Всесоюзный институт научной и технической информации (ВИНИТИ) ; под ред. В. Л. Карпова 
210 |a Москва  |c Изд-во ВИНИТИ  |d 1960 
215 |a 132 с.  |c ил. 
320 |a Библиогр.: с. 121-129. 
610 1 |a ядерная физика 
610 1 |a ядерные излучения 
610 1 |a источники 
610 1 |a радиационно-химические процессы 
610 1 |a применение 
610 1 |a радиационная химия 
610 1 |a ядерные реакторы 
610 1 |a заряженные частицы 
675 |a 539.16  |v 3 
700 1 |a Брегер  |b А. Х. 
702 1 |a Карпов  |b В. Л.  |4 340 
712 0 2 |a Академия наук СССР (АН СССР)  |b Всесоюзный институт научной и технической информации (ВИНИТИ)  |c (Москва)  |c (1955-1991)  |2 stltpush  |3 (RuTPU)RU\TPU\col\8361 
801 1 |a RU  |b 63413507  |c 20100217 
801 2 |a RU  |b 63413507  |c 20101018  |g RCR 
942 |c BK